000 00393nam a2200133Ia 4500
008 100328s9999 xx 000 0 und d
082 _b53180
100 _aजोशी य.गो.
245 _aपुनर्भेट-भाग-9
260 _bय.गो.जोशी
630 _aपुनर्भेट-भाग-9
730 _aपुनर्भेट-भाग-9
942 _cBOOK
999 _c540005
_d540002